| 000 | 01407cam a22003737a 4500 | ||
|---|---|---|---|
| 003 | CHAP | ||
| 005 | 20220329142553.0 | ||
| 008 | 011130d2001 mx d r 00110 spa d | ||
| 010 | _a85073 | ||
| 011 | _a86045 | ||
| 035 | _a96583 | ||
| 040 | _cCHAP | ||
| 090 | _aTesis | ||
| 100 | 0 | 0 |
_aHidalgo Trujillo, Elias. _955207 |
| 245 | 1 | 0 |
_aCorrelaciones intragenotipicas entre características productivas, fisiológicas y parasitarias en ovinos criollos y suffolk _c/por Elias HIdalgo Trujillo |
| 260 |
_aChapingo, Méx. : _bEl autor, _c2001. |
||
| 300 |
_a101 h. : _bgráfs. ; cuadros |
||
| 502 | _aTesis (Ing. Agr. Esp. en Zootecnia) -- UACH. Departamento de Zootecnia | ||
| 590 |
_aALEPH _b10 _c20130110 _lUCH01 _h1444 |
||
| 590 |
_aBATCH-UPD _b10 _c20130110 _lUCH01 _h1313 |
||
| 590 |
_aBATCH-UPD _b10 _c20130410 _lUCH01 _h0826 |
||
| 590 |
_aBATCH-UPD _b10 _c20130914 _lUCH01 _h1513 |
||
| 590 |
_aCONVERSION _b10 _c20130109 _lUCH01 _h1347 |
||
| 650 | 0 | 4 |
_aGanado Suffolk. _945424 |
| 650 | 1 | 4 |
_aGanado lanar _xAnatomía y fisiología. _945155 |
| 650 | 1 | 4 |
_aGanado lanar _xGenética. _945182 |
| 650 | 1 | 4 |
_aGanado lanar _xParásitos. _945208 |
| 650 | 1 | 4 |
_aGanado lanar _xProducción. _945214 |
| 901 | _aBK | ||
| 905 | _aMarco A. Mendoza T. | ||
| 942 | _cFOLL | ||
| 949 |
_aTesis _bBC _cTES _d33724000857983 _eTS2 _fc.2 _gDonaciØn _h38728 _i96583 _sb |
||
| 949 |
_aTesis _bBC _cTES _d965831 _eTS1 _gDonaciØn _h38727 _i96583 _sb |
||
| 999 |
_c85073 _d85073 |
||